00541nam a2200145 a 450000100100000000500170001000800410002704000250006810000410009324500710013426000480020530000200025395201050027399900170037800003873520201002031343.0130419s1967 dr 000 0 spa d aDO-SdBNPbspacBNPHU1 aJourdain Heredia, Luis Emilio95599110aBalaguer ante las Naciones Unidas /cLuis Emilio Jourdain Heredia. aSanto Domingo :bEditora del Caribe,c1967. a32 p. ;c24 cm. 0010718PDaPDbPDcCTd2013-04-19iLF1l0o p38735-10r2020-06-25w2020-06-25yLFPDZNo se presta c38225d38225